000 00275nam a22001217a 4500
008 190227b xxu||||| |||| 00| 0 eng d
041 _aeng
080 _a941
100 _a16
101 _aHIS
245 _aThe Columbia History of the World
_cGarraty, J,A
942 _2udc
_cBK
999 _c54375
_d54375